Podmienky uplatňovania automatizácie v riadení : Seminár
Saved in:
| Format: | Book |
|---|---|
| Language: | Slovak |
| Published: |
Bratislava :
Dom techniky ČSVTS,
1986
|
| Subjects: | |
| Tags: |
No Tags, Be the first to tag this record!
|
MARC
| LEADER | 00000nam a22000003a 4500 | ||
|---|---|---|---|
| 001 | stu40587 | ||
| 005 | 20150408175801.4 | ||
| 008 | 930514s1986----cs------------------slo-d | ||
| 040 | |a STU |b slo | ||
| 041 | 0 | |a slo | |
| 044 | |a cs | ||
| 080 | |a 65.011.56 | ||
| 080 | |a 681.3(082) | ||
| 245 | |a Podmienky uplatňovania automatizácie v riadení : |b Seminár | ||
| 260 | |a Bratislava : |b Dom techniky ČSVTS, |c 1986 | ||
| 300 | |a 151 s | ||
| 650 | 7 | |a automatizácia |2 stusub | |
| 650 | 7 | |a riadenie |2 stusub | |
| 650 | 7 | |a zborníky |2 stusub | |
| 996 | |b 284M045093 |c M*1743-1 |l MMKN |s A |a 24 |w stu40587_0001 | ||
| 996 | |b 284M045092 |c M*1743-2 |l MMKN |s A |a 24 |w stu40587_0002 | ||
| 996 | |b 284M045091 |c M*1743-3 |l MMKN |s A |a 24 |w stu40587_0003 | ||
| 996 | |b 284M045090 |c M*1743-4 |l MMKN |s A |a 24 |w stu40587_0004 | ||